000 00587cam a2200193 4500500
005 20260405000746.0
041 _afre
042 _adc
100 1 0 _aDuru, Martin
_eauthor
245 0 0 _aVincent Peillon: égalité et citoyenneté active
260 _c2009.
500 _a48
690 _aCitoyens
690 _aContrat social
690 _aRousseau
690 _aVincent Peillon
786 0 _nPhilosophie magazine | 29 | 5 | 2009-05-01 | p. 41-42 | 1951-1787
856 4 1 _uhttps://shs.cairn.info/magazine-philosophie-magazine-2009-5-page-41?lang=fr&redirect-ssocas=7080
999 _c2040534
_d2040534